| 000 | 01459nam a2200325 4500 | ||
|---|---|---|---|
| 001 | 0000017238 | ||
| 003 | CO-CtgCURN | ||
| 005 | 20250329191016.0 | ||
| 007 | ta | ||
| 008 | 160627s2000 000 0 eng d | ||
| 020 | _a9588123089 | ||
| 040 |
_aCO-CtgCURN _bspa _ccoctgcurn |
||
| 082 | 0 |
_a668.4 _bC41p |
|
| 100 | 1 | _aChalita Fajel, Roberto. | |
| 245 | 1 | 0 |
_aPlasticos degradables : _bvia foto y biodegradacion / _cRoberto Chalita Fajel. |
| 260 |
_aBarranquilla : _bUnviersidad del Atlantico, _c2000. |
||
| 300 | _av, 196 p. | ||
| 336 | _2rdacontent | ||
| 337 |
_2rdamedia _asin mediacion _bn |
||
| 338 |
_2rdacarrier _avolumen _bnc |
||
| 504 | _aBibliografia (p. 193) | ||
| 505 | 8 | _aDegradacion.--Principales fenomenos que ocurren en la degradacion de los polimeros.--Fotodegradacion.--Mecanismos de la oxidacion degradativa de los polimeros.--Procedimientos para provocar y estimular o inducir la fotodegradacion.--Medida de la fotodegradabilidad en los polimero.--Biodegradacion de los polimeros.--Aplicaciones de los plasticos fotodegradables, biodegradables y autodegradables | |
| 650 | 1 | 4 |
_aPolimeros _vBiodegradacion. |
| 908 | _a160627 | ||
| 942 |
_cBK _h668.4 _iC41p _2ddc |
||
| 999 |
_c11013 _d11013 |
||